| 000 | 00448nam a22001457a 4500 | ||
|---|---|---|---|
| 005 | 20240806114400.0 | ||
| 008 | 240806b |||||||| |||| 00| 0 eng d | ||
| 082 |
_a330.9549 _bPAK |
||
| 245 |
_aPakistan Economic Survey 2009-10/ _cEconomic Adviser's Wing, Finance Division |
||
| 260 |
_aIslamabad. _bEconomic Adviser's Wing, Finance Division _c2010 |
||
| 300 |
_ax, 137 p.: _bill; _c27.2 cm. |
||
| 650 | _aSocial Sciences | ||
| 999 |
_c36307 _d36307 |
||